[Event "Oberliga Nord O 1920"]
[Site "Germany"]
[Date "2021.08.15"]
[Round "9.1"]
[White "Thesing, Matthias"]
[Black "Leisner, Hannes"]
[Result "0-1"]
[WhiteElo "2310"]
[BlackElo "2236"]
[PlyCount "56"]
[EventDate "2019.09.29"]
[EventType "team-tourn"]
[EventRounds "9"]
[EventCountry "GER"]
[SourceTitle "EXT 2023"]
[Source "ChessBase"]
[SourceDate "2022.10.05"]
[SourceVersion "1"]
[SourceVersionDate "2022.10.05"]
[SourceQuality "1"]
[WhiteTeam "Kreuzberg"]
[BlackTeam "Greifswald"]
[WhiteTeamCountry "GER"]
[BlackTeamCountry "GER"]

1. e4 c5 2. Nf3 e6 3. g3 b6 4. Bg2 Bb7 5. d3 Nf6 6. 0-0 d5 7. e5 Nfd7 8. c4 dxc4 9. dxc4 Nc6 10. Bf4 Be7 11. h4 h6 12. h5 Nf8 13. Qa4 Qc8 14. Nc3 g5 15. hxg6 Nxg6 16. Bd2 Kf8 17. Rfe1 h5 18. Ne4 h4 19. Bc3 hxg3 20. fxg3 Rh5 21. Nd6 Bxd6 22. exd6 Nd4 23. Qd1 Bxf3 24. Bxf3 Nxf3+ 25. Qxf3 Rf5 26. Qh1 Rb8 27. Rf1 e5 28. Bxe5 Rxe5 0-1

[Event "Oberliga Nord O 1819"]
[Site "Germany"]
[Date "2018.12.16"]
[Round "4.2"]
[White "Leisner, Hannes"]
[Black "De Wiljes, Jan Hendrik"]
[Result "1/2-1/2"]
[WhiteElo "2296"]
[BlackElo "2336"]
[PlyCount "89"]
[EventDate "2018.10.21"]
[EventType "team-tourn"]
[EventRounds "9"]
[EventCountry "GER"]
[SourceTitle "EXT 2020"]
[Source "ChessBase"]
[SourceDate "2019.10.17"]
[SourceVersion "1"]
[SourceVersionDate "2019.10.17"]
[SourceQuality "1"]
[WhiteTeam "Greifswald"]
[BlackTeam "Berlin SF III"]
[WhiteTeamCountry "GER"]
[BlackTeamCountry "GER"]

1. Nf3 Nf6 2. g3 g6 3. b4 b6 4. Bg2 Bb7 5. Bb2 Bg7 6. 0-0 0-0 7. d3 d6 8. Nbd2 c5 9. a3 Qc7 10. e4 Rc8 11. e5 dxe5 12. Bxe5 Qd7 13. Nc4 Qa4 14. Rb1 Nbd7 15. Ba1 Rab8 16. Re1 Nd5 17. Bxg7 Kxg7 18. Qc1 N7f6 19. b5 Nc3 20. Rb3 Nxb5 21. Rxe7 Bxf3 22. Bxf3 Nd4 23. Ne5 Rf8 24. Rb1 Rbe8 25. Rxe8 Rxe8 26. c3 Rxe5 27. cxd4 Qxd4 28. Qc4 Qxc4 29. dxc4 Ne8 30. Rd1 Kf6 31. a4 Ke7 32. a5 Nd6 33. axb6 axb6 34. Bd5 g5 35. Ra1 b5 36. Ra7+ Kd8 37. Bc6 Re7 38. Ra8+ Kc7 39. cxb5 Nc8 40. Kf1 c4 41. Ra6 Re5 42. Bf3 Rxb5 43. Rc6+ Kd8 44. Rxc4 Nd6 45. Rd4 1/2-1/2

[Event "Oberliga Nord O 1718"]
[Site "Germany"]
[Date "2018.04.15"]
[Round "9.2"]
[White "Leisner, Hannes"]
[Black "Hubert, Peter"]
[Result "1-0"]
[WhiteElo "2241"]
[BlackElo "2061"]
[PlyCount "69"]
[EventDate "2017.10.08"]
[EventType "team-tourn"]
[EventRounds "9"]
[EventCountry "GER"]
[SourceTitle "EXT 2019"]
[Source "ChessBase"]
[SourceDate "2018.10.10"]
[SourceVersion "1"]
[SourceVersionDate "2018.10.10"]
[SourceQuality "1"]
[WhiteTeam "Greifswald"]
[BlackTeam "Stralsund"]
[WhiteTeamCountry "GER"]
[BlackTeamCountry "GER"]

1. Nf3 Nf6 2. g3 d6 3. c4 e5 4. Bg2 g6 5. 0-0 Bg7 6. Nc3 0-0 7. d4 Nbd7 8. e4 c6 9. Re1 Qc7 10. h3 a6 11. b3 Re8 12. a4 Rb8 13. Ba3 c5 14. dxc5 dxc5 15. Nd5 Nxd5 16. cxd5 Bf8 17. Rc1 b5 18. Bf1 Qa5 19. h4 Qb6 20. Rb1 Nf6 21. Qc2 Bg4 22. Nh2 Bd7 23. axb5 axb5 24. Bc1 Ng4 25. Nxg4 Bxg4 26. Be3 b4 27. Rec1 Rec8 28. Ra1 Bd6 29. Ra6 Qd8 30. Rca1 Rb6 31. Ra7 Bf3 32. Bg5 Qf8 33. Bh3 Rc7 34. Qd3 Rxa7 35. Rxa7 1-0

[Event "Oberliga Nord O 1718"]
[Site "Germany"]
[Date "2017.10.08"]
[Round "1.3"]
[White "Leisner, Hannes"]
[Black "Pfeffer, Ruprecht"]
[Result "1/2-1/2"]
[WhiteElo "2241"]
[BlackElo "2245"]
[PlyCount "65"]
[EventDate "2017.10.08"]
[EventType "team-tourn"]
[EventRounds "9"]
[EventCountry "GER"]
[SourceTitle "EXT 2019"]
[Source "ChessBase"]
[SourceDate "2018.10.10"]
[SourceVersion "1"]
[SourceVersionDate "2018.10.10"]
[SourceQuality "1"]
[WhiteTeam "Greifswald"]
[BlackTeam "Cottbus Lokomotive"]
[WhiteTeamCountry "GER"]
[BlackTeamCountry "GER"]

1. e4 c5 2. Nf3 e6 3. d4 cxd4 4. Nxd4 Nc6 5. Nc3 Qc7 6. Be3 a6 7. Be2 Nf6 8. 0-0 Bb4 9. Na4 0-0 10. Nxc6 bxc6 11. Nb6 Rb8 12. Nxc8 Rbxc8 13. Bxa6 Rb8 14. Bd3 Bd6 15. f4 e5 16. f5 Rxb2 17. g4 Qa5 18. g5 Bc5 19. Bxc5 Qxc5+ 20. Kh1 Ne8 21. Qh5 g6 22. Qh6 gxf5 23. Rxf5 Ng7 24. Rf3 Rfb8 25. Raf1 Rb1 26. Rxf7 Rxf1+ 27. Rxf1 Rf8 28. Rxf8+ Qxf8 29. Kg2 Qf4 30. Qf6 Qd2+ 31. Kf1 Qd1+ 32. Kf2 Qd2+ 33. Kf1 1/2-1/2

[Event "Oberliga Nord O 1617"]
[Site "Germany"]
[Date "2017.01.15"]
[Round "4.2"]
[White "Hansch, Karsten"]
[Black "Leisner, Hannes"]
[Result "0-1"]
[WhiteElo "2233"]
[BlackElo "2237"]
[PlyCount "120"]
[EventDate "2016.10.16"]
[EventType "team-tourn"]
[EventRounds "9"]
[EventCountry "GER"]
[SourceTitle "EXT 2018"]
[Source "ChessBase"]
[SourceDate "2017.10.13"]
[SourceVersion "1"]
[SourceVersionDate "2017.10.13"]
[SourceQuality "1"]
[WhiteTeam "Potsdam Empor"]
[BlackTeam "Greifswald"]
[WhiteTeamCountry "GER"]
[BlackTeamCountry "GER"]

1. d4 d6 2. e4 Nf6 3. f3 e5 4. dxe5 dxe5 5. Qxd8+ Kxd8 6. Bc4 Ke8 7. Be3 Nbd7 8. Nh3 Bc5 9. Bxc5 Nxc5 10. Nf2 Ke7 11. Nd2 Ne8 12. Nd3 Nd7 13. Nf1 Nd6 14. Ne3 c6 15. Kf2 f6 16. Rhd1 Rd8 17. Rd2 Nxc4 18. Nxc4 Nb6 19. Ne3 Be6 20. Rad1 Na4 21. Ra1 Nxb2 22. Rb1 Nxd3+ 23. cxd3 b6 24. Rc1 c5 25. Ke2 Rd4 26. Rc3 Rad8 27. Rb2 Ra4 28. a3 Rad4 29. Nc2 R4d6 30. Ne3 g6 31. a4 f5 32. a5 f4 33. Nc2 Bc8 34. axb6 axb6 35. Ra3 Be6 36. Rc3 Ra8 37. Na3 Rc6 38. Nb5 Ra1 39. Kf2 Bc8 40. d4 exd4 41. Nxd4 Rd6 42. Ne2 g5 43. g3 Ba6 44. e5 Rh6 45. Kg2 Bxe2 46. Rxe2 fxg3 47. hxg3 Rah1 48. Kf2 R1h2+ 49. Ke3 Rxe2+ 50. Kxe2 Ke6 51. Re3 Kf5 52. f4 gxf4 53. gxf4 Re6 54. Kf3 b5 55. Re1 Ra6 56. Ke3 Ra4 57. Rh1 Re4+ 58. Kd3 Rxf4 59. Rxh7 Kxe5 60. Rb7 b4 0-1

[Event "Oberliga Nord O 1516"]
[Site "Germany"]
[Date "2016.02.22"]
[Round "7.2"]
[White "Nogly, Christoph"]
[Black "Leisner, Hannes"]
[Result "1-0"]
[WhiteElo "2250"]
[BlackElo "2244"]
[PlyCount "99"]
[EventDate "2015.09.20"]
[EventType "team-tourn"]
[EventRounds "9"]
[EventCountry "GER"]
[SourceTitle "EXT 2017"]
[Source "ChessBase"]
[SourceDate "2016.10.25"]
[SourceVersion "1"]
[SourceVersionDate "2016.10.25"]
[SourceQuality "1"]
[WhiteTeam "Berlin SF"]
[BlackTeam "Greifswald"]
[WhiteTeamCountry "GER"]
[BlackTeamCountry "GER"]

1. d4 Nf6 2. c4 g6 3. Nc3 d5 4. Nf3 Bg7 5. cxd5 Nxd5 6. e4 Nxc3 7. bxc3 c5 8. Be3 Bg4 9. Rc1 0-0 10. Be2 Qa5 11. 0-0 e6 12. Ng5 Bxe2 13. Qxe2 cxd4 14. cxd4 Nc6 15. e5 Qd5 16. Nf3 Rac8 17. Qb2 Na5 18. Nd2 b6 19. h4 Rc6 20. Rxc6 Nxc6 21. Rc1 f5 22. f4 Rd8 23. Nf3 Bf8 24. Qb3 Qxb3 25. axb3 Nb4 26. Bd2 h6 27. Bxb4 Bxb4 28. Rc7 Ra8 29. Kf2 b5 30. Ke3 a5 31. Rb7 Rc8 32. Rxb5 Rc3+ 33. Ke2 Rxb3 34. Rb8+ Kf7 35. Rb7+ Ke8 36. Ra7 Rb2+ 37. Kf1 Rb1+ 38. Ke2 Rb2+ 39. Kf1 Bc3 40. Ra6 Kd7 41. Rd6+ Ke7 42. Ra6 Ra2 43. h5 gxh5 44. d5 exd5 45. Nh4 Ke8 46. Nxf5 Rb2 47. e6 Rb8 48. Ra7 Bf6 49. Nd6+ Kd8 50. Rd7# 1-0

[Event "Oberliga Nord O 1516"]
[Site "Germany"]
[Date "2015.09.20"]
[Round "1.2"]
[White "Gyorkos, Lajos"]
[Black "Leisner, Hannes"]
[Result "1/2-1/2"]
[WhiteElo "2365"]
[BlackElo "2244"]
[PlyCount "62"]
[EventDate "2015.09.20"]
[EventType "team-tourn"]
[EventRounds "9"]
[EventCountry "GER"]
[SourceTitle "CBM 170 Extra"]
[Source "ChessBase"]
[SourceDate "2016.02.25"]
[SourceVersion "1"]
[SourceVersionDate "2016.02.25"]
[SourceQuality "1"]
[WhiteTeam "Neuruppin"]
[BlackTeam "Greifswald"]
[WhiteTeamCountry "GER"]
[BlackTeamCountry "GER"]

1. Nf3 Nf6 2. g3 g6 3. Bg2 Bg7 4. d4 d5 5. 0-0 0-0 6. Nbd2 c6 7. c4 a5 8. b3 Ne4 9. Bb2 Bf5 10. Nh4 Nxd2 11. Qxd2 Be6 12. e4 dxc4 13. d5 Bxb2 14. Qxb2 cxd5 15. exd5 Bxd5 16. Rfd1 c3 17. Qxc3 e6 18. Bxd5 exd5 19. Qf3 Nc6 20. Rxd5 Nd4 21. Qe4 Ne2+ 22. Kf1 Nc3 23. Rxd8 Nxe4 24. Rd4 Rfe8 25. Rc1 Rad8 26. Rxd8 Rxd8 27. Nf3 Nd2+ 28. Nxd2 Rxd2 29. Rc7 Rxa2 30. Rxb7 a4 31. bxa4 Rxa4 1/2-1/2

[Event "Rostock SSC op 14th"]
[Site "Rostock"]
[Date "2015.07.29"]
[Round "2.7"]
[White "Raitza, Egon"]
[Black "Leisner, Hannes"]
[Result "0-1"]
[WhiteElo "1865"]
[BlackElo "2244"]
[PlyCount "54"]
[EventDate "2015.07.29"]
[EventType "swiss"]
[EventRounds "7"]
[EventCountry "GER"]
[SourceTitle "EXT 2019"]
[Source "ChessBase"]
[SourceDate "2018.10.10"]
[SourceVersion "1"]
[SourceVersionDate "2018.10.10"]
[SourceQuality "1"]

1. d4 Nf6 2. c4 g6 3. Nc3 d5 4. cxd5 Nxd5 5. e4 Nxc3 6. bxc3 Bg7 7. Bc4 0-0 8. Ne2 c5 9. Be3 Nc6 10. 0-0 Bg4 11. f3 Bd7 12. Rc1 Qc7 13. Nf4 Rad8 14. Qe2 Qb8 15. Rfd1 cxd4 16. cxd4 e5 17. dxe5 Bxe5 18. g3 Bg7 19. Bc5 Rfe8 20. Bd6 Bd4+ 21. Rxd4 Nxd4 22. Bxf7+ Kg7 23. Qc4 Qxd6 24. Bxe8 Bxe8 25. Nd5 Nxf3+ 26. Kg2 Ne5 27. Qd4 Bc6 0-1

[Event "Oberliga Nord O 1415"]
[Site "Germany"]
[Date "2014.09.21"]
[Round "1.4"]
[White "Leisner, Hannes"]
[Black "Wiedersich, Jens"]
[Result "1-0"]
[WhiteElo "2237"]
[BlackElo "2137"]
[PlyCount "64"]
[EventDate "2014.09.21"]
[EventType "team-tourn"]
[EventRounds "9"]
[EventCountry "GER"]
[SourceTitle "EXT 2016"]
[Source "ChessBase"]
[SourceDate "2015.10.08"]
[SourceVersion "1"]
[SourceVersionDate "2015.10.08"]
[SourceQuality "1"]
[WhiteTeam "Greifswald"]
[BlackTeam "Berlin Oberschoeneweide"]
[WhiteTeamCountry "GER"]
[BlackTeamCountry "GER"]

1. e4 c5 2. Nf3 d6 3. d4 cxd4 4. Nxd4 Nf6 5. Nc3 g6 6. Be3 Bg7 7. f3 a6 8. Qd2 0-0 9. 0-0-0 Re8 10. Bh6 Bh8 11. h4 Nc6 12. Nb3 Be6 13. h5 Rc8 14. hxg6 fxg6 15. Kb1 b5 16. Nd5 Bf7 17. Nxf6+ Bxf6 18. Bg5 Bg7 19. g4 Qc7 20. Qh2 Bxb3 21. cxb3 Nb4 22. Qxh7+ Kf7 23. Bc4+ bxc4 24. Rh6 Rg8 25. Qxg6+ Kf8 26. Bxe7+ Qxe7 27. Qf5+ Qf7 28. Qxc8+ Qe8 29. Qf5+ Qf7 30. Qc8+ Qe8 31. Qxe8+ Kxe8 32. Rhxd6 Ke7 1-0